000 00659nam a2200229Ia 4500
003 OSt
005 20220925203015.0
006 a|||||r|||| 00| 0
007 ta
008 220923b |||||||| |||| 00| 0 eng d
037 _cGeneral Book
040 _aRTL
_cRTL
_beng
041 _2eng
_aeng
082 _aT4.273S.e4N17, M5
100 _aJha Hetukar
_963497
245 0 _aColonial context of higher education in India
_b Pat
260 _aDelhi
_bUsha Publications India
_c1985
300 _a152p
_ccm.
650 _aUniversity Education
942 _hT4.273S.e4N17, M5
_cGB
_2CC
999 _c544952
_d544952